What is the Oriental culture?

This small publication which has been translated into english by Mr. Morri was written 20 years ago as part of series of the Oriental Thought Trend published by the Iwanami Shoten, Tokyo. The term such as the Oriental Culture

Gespeichert in:
Bibliographische Detailangaben
1. Verfasser: Tsuda, Sokichi
Format: Buch
Sprache:Undetermined
Veröffentlicht: Tokyo Hokuseido Press 1955
Schlagworte:
Tags: Tag hinzufügen
Keine Tags, Fügen Sie den ersten Tag hinzu!
Thư viện lưu trữ: Trung tâm Học liệu Trường Đại học Cần Thơ
LEADER 00741nam a2200193Ia 4500
001 CTU_110922
008 210402s9999 xx 000 0 und d
082 |a 901 
082 |b T882 
100 |a Tsuda, Sokichi 
245 0 |a What is the Oriental culture? 
245 0 |c Sokichi Tsuda; Translated by Yasotaro Morri 
260 |a Tokyo 
260 |b Hokuseido Press 
260 |c 1955 
520 |a This small publication which has been translated into english by Mr. Morri was written 20 years ago as part of series of the Oriental Thought Trend published by the Iwanami Shoten, Tokyo. The term such as the Oriental Culture 
650 |a Civilization, oriental 
904 |i Giang 
980 |a Trung tâm Học liệu Trường Đại học Cần Thơ